[Event "FRA-chT3 Gr06 0607"]
[Site "France"]
[Date "2006.10.15"]
[Round "1.6"]
[White "Aras, Bernard"]
[Black "Triestini, Benoit"]
[Result "0-1"]
[WhiteElo "1850"]
[BlackElo "1940"]
[PlyCount "88"]
[EventDate "2006.10.15"]
[EventType "team-tourn"]
[EventRounds "9"]
[EventCountry "FRA"]
[SourceTitle "EXT 2008"]
[Source "ChessBase"]
[SourceDate "2007.11.25"]
[SourceVersion "1"]
[SourceVersionDate "2007.11.25"]
[SourceQuality "1"]
[WhiteTeam "St Hilaire Petitville"]
[BlackTeam "Cherbourg Octeville"]
[WhiteTeamCountry "FRA"]
[BlackTeamCountry "FRA"]

1. e4 d5 2. exd5 Nf6 3. Nc3 Nxd5 4. d4 Nxc3 5. bxc3 Bf5 6. Nf3 Nd7 7. Be2 e6 8. 0-0 Be7 9. c4 0-0 10. Be3 Bf6 11. Rb1 b6 12. Qd2 Qe7 13. Bd3 Bg4 14. Ng5 g6 15. Ne4 Bf5 16. Rfe1 Rfd8 17. Nxf6+ Nxf6 18. Bxf5 exf5 19. Bg5 Qd6 20. Bxf6 Qxf6 21. d5 Qd6 22. Rb3 Qc5 23. Qb4 Re8 24. Rxe8+ Rxe8 25. g3 Qxb4 26. Rxb4 Re1+ 27. Kg2 Kf8 28. Rb2 Ke7 29. Kf3 Kd6 30. c3 Kc5 31. Rd2 Re4 32. h4 Rxc4 33. Rd3 Re4 34. Rd2 Re5 35. Kf4 f6 36. Rd4 Rxd5 37. Ra4 a5 38. Ke3 Re5+ 39. Kd3 Re4 40. c4 Rd4+ 41. Kc3 Rd1 42. Ra3 Rf1 43. Rb3 Rxf2 44. Rb5+ Kc6 0-1